000 00333 a2200145 4500
001 50105
040 _cAnchieta - Bela Vista
100 _aAnchietinha Itaigara
240 1 0 _aAs peripécias de Lindinha
_lpor
245 1 0 _aAs peripécias de Lindinha
300 _a26
362 0 _a2017
650 4 _aLiteratura juvenil
942 _cBK
999 _c50105
_d50105